000 00707 a2200169 4500
003 Nust
005 20230620140810.0
040 _cNust
082 _a510,BRA
100 _aBraunfeld G, Peter
_9113173
245 _aTitle Stretchers and Shrinkers :
_bBook 1,2,3 Advanced Topics in Stretching and Shrinking /
_cPeter G. braunfeld
260 _aCalifornia
_bState Series
_c1970:
300 _a160:p
505 _aPercent (Page-1), Fraction Machines (Page-22), Multiplying by a Fraction (Page-61), Dividing by a Fraction (Page-87), Adding and Subtracting fractions (Page-108), Mixed Numbers (Page-137), Percent Revisited (Page-155).
650 _aTitle Stretchers and Shrinkers
_9113174
942 _2ddc
_cBKB
999 _c179840
_d179840